Cases in marketing management / (Record no. 74042)

MARC details
000 -LEADER
fixed length control field 03163nam a22002537a 4500
005 - DATE AND TIME OF LATEST TRANSACTION
control field 20130401161956.0
008 - FIXED-LENGTH DATA ELEMENTS--GENERAL INFORMATION
fixed length control field 130401b xxu||||| |||| 00| 0 eng d
010 ## - LCCN (DPL NO)
LC control number ENG-106760
020 ## - INTERNATIONAL STANDARD BOOK NUMBER
International Standard Book Number 9788132110194
Terms of availability 595.00
035 ## - SYSTEM CONTROL NUMBER
System control number EN-90293
037 ## - SOURCE OF ACQUISITION
Source of stock number/acquisition DBAD/PUB
040 ## - CATALOGING SOURCE
Original cataloging agency DPL
Language of cataloging Eng
082 00 - DEWEY DECIMAL CLASSIFICATION NUMBER
Classification number 658.8
Edition number 22
245 00 - TITLE STATEMENT
Title Cases in marketing management /
Statement of responsibility, etc edited by Kenneth E. Clow [and] Donald Baack
260 ## - PUBLICATION, DISTRIBUTION, ETC. (IMPRINT)
Place of publication, distribution, etc New Delhi
Name of publisher, distributor, etc SAGE Publications
Date of publication, distribution, etc c2012
270 ## - ADDRESS
Address B1/I-1 Mohan Cooperative Industrial Area, Mathura Road
City New Delhi
Postal code 110044
300 ## - PHYSICAL DESCRIPTION
Extent ix, 523, [21] p. :
Other physical details ill.
Dimensions 24cm(pbk)
500 ## - GENERAL NOTE
General note Includes bibliographical references.
505 0# - FORMATTED CONTENTS NOTE
Formatted contents note Machine generated contents note: 1.The Nature of Marketing Management -- Chantale and Clinton Call for Service -- 2.Market Analysis -- Genicon: A Surgical Strike Into Emerging Markets -- HyundaiCard's Marketing Strategy -- TerraCycle, Inc. -- 3.Data Warehousing -- Air Miles Canada: Rebranding the Air Miles Reward Program -- Conroy's Acura: Customer Lifetime Value and Return on Marketing -- 4.Building a Customer-Oriented Marketing Department -- A Difficult Hiring Decision at Central Bank -- Boman Communications -- 5.Customer Acquisition Strategies and Tactics -- Ruth's Chris: The High Stakes of International Expansion -- The Ultimate Fighting Championships (UFC): The Evolution of a Sport -- Best Buy Inc. -- Dual Branding in China -- 6.Pricing -- Hanson Production: Pricing for Opening Day -- Sy.Med Development, Inc. -- Arvind Mills: Re-Evaluating Profitability -- 7.Advertising, Alternative and Direct Marketing -- La Hacienda del Sol -- Shoppers Stop -- Targeting the Young -- Eat2Eat.com -- 8.Sales Promotions -- SC Johnson: Planning Coupon Promotions -- Phillips Foods, Inc.: Introducing King Crab to the Trade -- Boots: Hair-Care Sales Promotion -- 9.Personal Selling -- Global Source Healthcare: Allocating Sales Resources -- Spectrum Brands, Inc. -- The Sales Force Dilemma -- Biomed Co., Ltd.: Designing a New Sales Compensation Plan -- 10.Internal Communications -- Retail Execution: Linens 'n Things -- GDR Versus Kodak -- Bart Film Scanner -- 11.External Communications -- Walmart Puerto Rico: Promoting Development Through a Public-Private Partnership -- "Hips Feel Good" -- Dove's Campaign for Real Beauty -- New Balance: Developing an Integrated CSR Strategy -- 12.Distribution and Supply Chain Management -- YvesCreations LLC: Alex Goes to Hollywood -- Eureka Forbes Ltd.: Growing the Water Purifier Business -- Kraft Foods: The Coffee Pod Launch -- 13.Website and Internet Management -- The Entrepreneurs at Twitter: Building a Brand, a Social Tool, or a Tech Powerhouse? -- Anduro Marketing: Internet Services Vs. Software Sales -- Molson Canada: Social Media Marketing -- 14.Customer Retention and Recovery -- Ten Thousand Villages of Cincinnati: The First Year and Beyond -- Personal Shoppers at Sears: The Elf Initiative -- 15.Marketing Control -- Microsoft and the Xbox 360 Ring of Death -- Kenexa.
650 #0 - SUBJECT ADDED ENTRY--TOPICAL TERM
Topical term or geographic name as entry element Marketing
General subdivision Management
Form subdivision Case studies.
700 1# - ADDED ENTRY--PERSONAL NAME
Personal name Clow, Kenneth E.
700 1# - ADDED ENTRY--PERSONAL NAME
Personal name Baack, Donald
942 ## - ADDED ENTRY ELEMENTS (KOHA)
Source of classification or shelving scheme Dewey Decimal Classification
Item type English Books
Classification part 658.8
Call number suffix CAS
Holdings
Withdrawn status Lost status Source of classification or shelving scheme Damaged status Not for loan Collection code Home library Current library Date acquired Source of acquisition Cost, normal purchase price Total Checkouts Full call number Barcode Date last seen Copy number Cost, replacement price Koha item type
    Dewey Decimal Classification   Not For Loan Non-fiction D.B.Act.Division D.B.Act.Division 01/04/2013 DBAD/PUB 595.00   658.8 CAS EN-90293 01/04/2013 1 595.00 English Books

© Delhi Public Library
Hit Counter
free hit counter